|
|
|
|
| LEADER |
00000naa2a2200000 4500 |
| 001 |
173624 |
| 005 |
20240111153828.0 |
| 035 |
|
|
|a (RuTPU)RU\TPU\book\188305
|
| 090 |
|
|
|a 173624
|
| 100 |
|
|
|a 20091229d1995 k y0rusy50 ca
|
| 101 |
0 |
|
|a rus
|
| 102 |
|
|
|a RU
|
| 200 |
1 |
|
|a Предварительная оценка уровней накопления тяжелых металлов в почвах бассейна р. Обь
|f Л. П. Рихванов [и др.]
|
| 320 |
|
|
|a Библиогр.: с. 259 (13 назв.)
|
| 461 |
|
1 |
|0 (RuTPU)RU\TPU\book\102402
|t Природокомплекс Томской области
|f Томский государственный университет (ТГУ)
|d 1995
|
| 463 |
|
1 |
|0 (RuTPU)RU\TPU\book\2202
|t Т. 1: Геология и экология
|v С. 249-259
|d 1995
|p 296 с.
|
| 610 |
1 |
|
|a труды учёных ТПУ
|
| 701 |
|
1 |
|a Рихванов
|b Л. П.
|c российский ученый, геолог
|c профессор Томского политехнического университета, доктор геолого-минералогических наук
|c заслуженный геолог РФ
|c почетный работник высшего образования РФ
|f 1945-
|g Леонид Петрович
|3 (RuTPU)RU\TPU\pers\23187
|4 070
|
| 701 |
|
1 |
|a Язиков
|b Е. Г.
|c специалист в области геологии и минералогии
|c профессор Томского политехнического университета, доктор геолого-минералогических наук, заместитель проректора по образовательной и международной деятельности
|f 1955-
|g Егор Григорьевич
|3 (RuTPU)RU\TPU\pers\26057
|9 11896
|
| 701 |
|
1 |
|a Грязнов
|b С. А.
|4 070
|
| 701 |
|
1 |
|a Сарнаев
|b С. И.
|4 070
|
| 701 |
|
1 |
|a Некипелый
|b В. Л.
|4 070
|
| 701 |
|
1 |
|a Некипелая
|b С. А.
|4 070
|
| 801 |
|
1 |
|a RU
|b 63413507
|c 20091229
|
| 801 |
|
2 |
|a RU
|b 63413507
|c 20130114
|g RCR
|
| 942 |
|
|
|c BK
|